| 000 | 00497nam a2200181Ia 4500 | ||
|---|---|---|---|
| 001 | 66488 | ||
| 008 | 150514s9999 xx 000 0 und d | ||
| 020 | _a9781845428693 | ||
| 040 | _cPK-LaUMT | ||
| 082 |
_a330.0922 _bBIO- |
||
| 100 | _aKing, J. E. | ||
| 245 | 2 |
_aA biographical dictionary of Australian and New Zealand economists _cKing, J. E. |
|
| 260 |
_aCheltenham,UK: _bEdward Elgar, _c2007 |
||
| 300 | _a337 p. | ||
| 546 | _aEN | ||
| 650 | _aEconomists-Australia-Biography | ||
| 942 | _cREF | ||
| 999 |
_c71316 _d71316 |
||